000 00484nam a2200145Ia 4500
003 GCL
008 140319s9999 xx 000 0 ara d
040 _aGCL /
_cGCL
082 0 4 _a920.71
_bا ت
100 1 _aابى زكريا محى الدين النووى
245 1 0 _aتهذيب الاسماء واللغات /
_cابى زكريا محى الدين النووى
260 _a[S.N] :
_bدار الكتب العلمية للنشر والتوزيع
300 _a352 ص
490 _a
999 _c52768
_d52768